[Event "Premia de Mar 4th"]
[Site "Premia de Mar"]
[Date "2017.11.03"]
[Round "5.2"]
[White "Palau Pons, Luis"]
[Black "Llonch Mur, Jordi"]
[Result "1/2-1/2"]
[WhiteElo "1964"]
[BlackElo "2042"]
[PlyCount "36"]
[EventDate "2017.10.06"]
[EventType "tourn"]
[EventRounds "9"]
[EventCountry "ESP"]
[SourceTitle "EXT 2024"]
[Source "ChessBase"]
[SourceDate "2023.10.10"]
[SourceVersion "1"]
[SourceVersionDate "2023.10.10"]
[SourceQuality "1"]

1. b3 d5 2. e3 Nf6 3. Bb2 Bg4 4. Nf3 Nbd7 5. Be2 e6 6. Ne5 Bxe2 7. Qxe2 Nxe5 8. Bxe5 c6 9. 0-0 Bd6 10. Bxd6 Qxd6 11. d3 e5 12. Nd2 0-0 13. Rfc1 d4 14. e4 Nd7 15. a3 a5 16. g3 b5 17. Rf1 c5 18. a4 Rfb8 1/2-1/2

[Event "Premia de Mar 4th"]
[Site "Premia de Mar"]
[Date "2017.10.06"]
[Round "1.2"]
[White "Llonch Mur, Jordi"]
[Black "Gracia Vila, Frederic"]
[Result "1/2-1/2"]
[WhiteElo "2042"]
[BlackElo "1489"]
[PlyCount "83"]
[EventDate "2017.10.06"]
[EventType "tourn"]
[EventRounds "9"]
[EventCountry "ESP"]
[SourceTitle "EXT 2024"]
[Source "ChessBase"]
[SourceDate "2023.10.10"]
[SourceVersion "1"]
[SourceVersionDate "2023.10.10"]
[SourceQuality "1"]

1. b3 d5 2. Bb2 Nf6 3. e3 e6 4. f4 Nbd7 5. Nf3 Be7 6. Be2 0-0 7. 0-0 a6 8. a4 b6 9. Ne5 Bb7 10. d3 c5 11. Nd2 h6 12. Ndf3 Nxe5 13. Nxe5 Nd7 14. Rb1 Nxe5 15. Bxe5 Bf6 16. Bxf6 Qxf6 17. Qc1 a5 18. Qb2 Qxb2 19. Rxb2 f6 20. Rbb1 Rac8 21. Bf3 Ba8 22. e4 dxe4 23. Bxe4 Bxe4 24. dxe4 Rcd8 25. Rfd1 Kf7 26. Kf2 Ke7 27. Ke3 Rxd1 28. Rxd1 Rd8 29. Rxd8 Kxd8 30. Kd3 g6 31. g4 Kd7 32. Kc4 Kc6 33. c3 f5 34. gxf5 gxf5 35. e5 h5 36. h4 Kc7 37. Kb5 Kb7 38. c4 Kc7 39. Ka6 Kc6 40. Ka7 Kc7 41. Ka8 Kc8 42. Ka7 1/2-1/2

[Event "Llinars del Valles Tardor op 3rd"]
[Site "Llinars del Valles"]
[Date "2011.11.18"]
[Round "8"]
[White "Perales Galindo, Eduard"]
[Black "Llonch Mur, Jordi"]
[Result "1/2-1/2"]
[WhiteElo "2281"]
[BlackElo "2119"]
[PlyCount "31"]
[EventDate "2011.09.30"]
[EventType "swiss"]
[EventRounds "9"]
[EventCountry "ESP"]
[SourceTitle "EXT 2013"]
[Source "ChessBase"]
[SourceDate "2012.11.22"]
[SourceVersion "1"]
[SourceVersionDate "2012.11.22"]
[SourceQuality "1"]

1. e4 d5 2. exd5 Nf6 3. d4 Nxd5 4. c4 Nb6 5. Nf3 Bg4 6. c5 N6d7 7. Be3 e5 8. Be2 exd4 9. Nxd4 Bxe2 10. Qxe2 Be7 11. 0-0 0-0 12. c6 Nxc6 13. Nxc6 bxc6 14. Nc3 Bd6 15. Rad1 Qe7 16. Rd4 1/2-1/2

[Event "Llinars del Valles Tardor op 3rd"]
[Site "Llinars del Valles"]
[Date "2011.10.21"]
[Round "4"]
[White "Cobos Navarro, Francesco"]
[Black "Llonch Mur, Jordi"]
[Result "1-0"]
[WhiteElo "1915"]
[BlackElo "2119"]
[PlyCount "77"]
[EventDate "2011.09.30"]
[EventType "swiss"]
[EventRounds "9"]
[EventCountry "ESP"]
[SourceTitle "EXT 2013"]
[Source "ChessBase"]
[SourceDate "2012.11.22"]
[SourceVersion "1"]
[SourceVersionDate "2012.11.22"]
[SourceQuality "1"]

1. e4 d5 2. exd5 Nf6 3. Nf3 Nxd5 4. d4 g6 5. Be2 Bg7 6. 0-0 0-0 7. c4 Nb6 8. Be3 Bg4 9. Nbd2 Nc6 10. d5 Ne5 11. Nxe5 Bxe2 12. Qxe2 Bxe5 13. Bxb6 Qd6 14. Be3 Bxh2+ 15. Kh1 Be5 16. Nf3 Bg7 17. Rfd1 e5 18. dxe6 Qxe6 19. Rd2 Rfe8 20. Rad1 Bh6 21. Re1 Qf6 22. Qd1 Bxe3 23. Rxe3 Rxe3 24. fxe3 Re8 25. Re2 Rd8 26. Qc2 c5 27. e4 g5 28. Rd2 g4 29. Rxd8+ Qxd8 30. Qd2 Qf6 31. e5 Qg6 32. Nh4 Qb1+ 33. Kh2 Qe4 34. Qd8+ Kg7 35. Qg5+ Kf8 36. Qf6 Qxc4 37. Qd8+ Kg7 38. Nf5+ Kg6 39. Qf6+ 1-0

[Event "Llinars del Valles Tardor op 3rd"]
[Site "Llinars del Valles"]
[Date "2011.10.14"]
[Round "3"]
[White "Veciana Francesch, Josep"]
[Black "Llonch Mur, Jordi"]
[Result "1/2-1/2"]
[WhiteElo "1777"]
[BlackElo "2119"]
[PlyCount "70"]
[EventDate "2011.09.30"]
[EventType "swiss"]
[EventRounds "9"]
[EventCountry "ESP"]
[SourceTitle "EXT 2013"]
[Source "ChessBase"]
[SourceDate "2012.11.22"]
[SourceVersion "1"]
[SourceVersionDate "2012.11.22"]
[SourceQuality "1"]

1. e4 d5 2. exd5 Nf6 3. Nf3 Nxd5 4. d4 Bg4 5. c3 c6 6. Be2 e6 7. 0-0 Bd6 8. Ne5 Bxe2 9. Qxe2 Bxe5 10. Qxe5 Qf6 11. c4 Qxe5 12. dxe5 Nb4 13. a3 Nd3 14. f4 Nxc1 15. Rxc1 Nd7 16. b4 g5 17. g3 0-0-0 18. Nc3 gxf4 19. gxf4 Rhg8+ 20. Kf2 Nb6 21. Ne4 Rd3 22. Nd6+ Kc7 23. Nxf7 Rd2+ 24. Kf3 Rxh2 25. Ng5 Rg6 26. c5 Nd5 27. Rh1 Rd2 28. Rxh7+ Kc8 29. Rh8+ Kd7 30. Rh7+ Kc8 31. Rah1 Rd3+ 32. Kf2 Nxf4 33. Rh8+ Kc7 34. R1h7+ Rd7 35. Rxd7+ Kxd7 1/2-1/2